MDQL
is popping MORE tags! Check the
thread
!
Quizzes
Events
Quiz Creation
Community
Videos
Private Events
Remove Ads
Sign In
Join for FREE
Feedback
Dark Mode
Quiz Categories
Sports
Geography
Music
Movies
Television
Just For Fun
Miscellaneous
History
Literature
Language
Science
Gaming
Entertainment
Religion
Holiday
For Kids
Quiz Lab
Recent
Popular Today
Quiz Kudos Today
Editor Picks
Curator Picks
Quizzes by...
Day
Popularity
Type
Ratings
Length
Year
Community
Subscriptions
Recent Discussions
Orange Saloon
Badges
Playlists
Quests
Create
Leaderboards
Showdown
Live 5
Trivia Bingo
Activity
Puzzle Library
Sporcle Events
Private Events
Virtual Trivia
Globe League
Become a Host
Pub Owners
SporcleCon
Opinionation
Our Games
Videos
Blog
Mobile Apps
Partnerships
Remove Ads and Go Orange
Feedback
Television
TV Characters
TV Show
Sitcom
Network
Friends
Reality Shows
Cast
South Park
Star Trek
The Simpsons
Doctor Who
Television
TV Characters
TV Show
Sitcom
Network
Friends
Reality Shows
Cast
South Park
Star Trek
The Simpsons
Doctor Who
Random Quiz
Search Sporcle
×
Quiz Lab
Quiz Lab
Television
United Kingdom
Type in answers that appear in a list
Type in answers that appear in a list
Classic
Best Score? Go Orange.
UK Gladiators Stats
Can you name the The Gladiators from the UK domestic competitions between 1992 - 2009?
By
Qusion
7m
51 Questions
584 Plays
584 Plays
584 Plays
Comments
Comments
Give Quiz Kudos
Give Quiz Kudos
-
- Ratings
hide this ad
Replay
Link that replays current quiz
Next Quiz
Link to next quiz in quiz playlist
You Got
0%
They Got
Avg Score
60%
Avg Friend Score
Upgrade to see
Score Distribution
Jump to the score distribution portion of the page
Score
0/51
Timer
07:00
0
Plays Today
Gladiator
% Correct
Wolf
88.9%
Cobra
82.9%
Jet
82.9%
Lightning
80%
Ace
78.8%
Warrior
78.8%
Warrior
78.8%
Amazon
78.6%
Amazon
78.6%
Hunter
78.1%
Panther
77.4%
Panther
77.4%
Saracen
73.5%
Shadow
71.2%
Trojan
67.8%
Nightshade
67.3%
Rhino
66.6%
Falcon
65.6%
Zodiac
65.6%
Flame
63.7%
Scorpio
60.6%
Battleaxe
60.3%
Fox
59.9%
Hawk
59.8%
Ice
57.7%
Atlas
57.4%
Gladiator
% Correct
Vulcan
56.7%
Rebel
56.5%
Rio
55.1%
Vogue
54.5%
Siren
52.9%
Siren
52.9%
Gold
51%
Oblivion
50.9%
Phoenix
49.8%
Diesel
49.3%
Enigma
48.5%
Spartan
48.3%
Bullit
47.4%
Destroyer
46.7%
Rocket
45.5%
Khan
45.4%
Tornado
45.4%
Tempest
45.2%
Inferno
44.9%
Cyclone
44.3%
Doom
43.7%
Goliath
43.7%
Raider
43.5%
Laser
42.8%
Predator
42%
Quiz Playlist
Details
Report
Send in Message
Add To Playlist
Classic:
Type in answers that appear in a list
Last Updated: Feb 16, 2017
Quiz Scoreboard
CHALLENGE
Sign Up to Join the Scoreboard
Show All
Scores
Hide
Comments
May contain spoilers
Recently Published
Image Sorting: Flags VI
by Barbecue
Geography
2m
Find the 'City' Movie
by crazypaving
Movies
60s
Colored Red Africa Blitz
by spor1
Geography
45s
More to Explore
Quiz From the Vault
Featured Blog Post
14 Easter Pick-up Lines to Find Eggs With
hide this ad
You Might Also Like...
Tags
United Kingdom Quiz
gladiator
Saturday Night
Today's Top Quizzes in Television
Browse Television
hide this ad
Today's Top Quizzes in United Kingdom
Browse United Kingdom
Top Contributed Quizzes in Television
1
Survivor Journey Challenge
2
Brooklyn Nine Nine Logic Puzzle (How-To-Play)
3
Total Drama Characters
4
Adjectives in 00s TV Shows
5
Phoebe Buffay Quotes
6
Survivor Heroes vs. Villains Logic Puzzle
7
Survivor Trivia
8
Emmerdale Characters (from August 2012)
9
Game of Thrones: Tywin Lannister Start to Finish
10
Survivor Logic Puzzle: Heroes vs. Villains
Explore More
Trending Topics
Marvel
NBA
Kpop
Anime
Crossword
Harry Potter
Disney
WWE
Puzzle
Country
NFL
Pokémon
Song
The Office
Soccer
hide this ad
More By:
Qusion
Quiz
Plays
Rating
Category
Featured
Created
The Five Find-Outers
1,142
5.00
Literature
Jul 17, 2012
Avenue Q - It Sucks To Be Me
1,000
4.44
Entertainment
Aug 16, 2011
Avenue Q - For Now
781
5.00
Entertainment
Jul 16, 2012
Avenue Q - Schadenfreude
719
4.67
Entertainment
May 14, 2011
UK Gladiators
584
4.50
Television
May 23, 2011
Go to Creator's Profile
Score Distribution
Quiz Creator Spotlight
Qusion
Follow
Send a Message
Quizzes Created
-
Created Quiz Play Count
-
More By This Creator
Popular Quizzes Today
1
Colored Red Africa Blitz
2
Find the US States - No Outlines Minefield
3
Find the 'City' Movie
4
5x2 Blitz: Bands
5
The Countries of the World
6
Find the US States
7
Find the Countries of Europe - No Outlines Minefield
8
US States
More Television Quizzes
Survivor Kaôh Rōng: Brains, Brawn, or Beauty?
Curator's Pick
Trending Quizzes
Colored Red Europe Blitz I
Colored Red Europe Blitz II
Colored Red Africa Blitz II
Colored Red Europe Blitz III
Colored Red Africa Blitz III
Recently Updated
How Do You Spell That?
pecheneg
Godzilla Movies
pecheneg
Grab Bag: 4-10 Letters
pecheneg
2024 March Madness Bracket
pecheneg
Famous TV Couples
Peacemaker
Champions League XIs: Real Madrid
pecheneg
Largest US Cities 1790-2010
pecheneg
Rides in Walt Disney World
pecheneg
Most Oscar Losses (Acting)
pecheneg
Beyoncé Albums
pecheneg
Trending Topics
Anime
Marvel
Harry Potter
Crossword
NBA
Kpop
Disney
Country
NFL
Puzzle
Soccer
Pokémon
WWE
Song
The Office
Your Account Isn't Verified!
In order to create a playlist on Sporcle, you need to verify the email address you used during registration. Go to your
Sporcle Settings
to finish the process.
Report this User
Report this user for behavior that violates our
Community Guidelines
.
Details:
Send Report
Go to the Sporcle.com Mobile Site →
Comments